Рабочая книга социального педагога (Запись № 919957)

Подробности
000 -МАРКЕР
контрольное поле 01952nam0a2200373 4500
001 - ИДЕНТИФИКАТОР ЗАПИСИ
контрольное поле RU\NLR\bibl\1070674
005 - ИДЕНТИФИКАТОР ВЕРСИИ
контрольное поле 20260405084928.0
010 ## - МЕЖДУНАРОДНЫЙ СТАНДАРТНЫЙ НОМЕР КНИГИ (ISBN)
Номер (ISBN) 5-9219-0535-6
Тираж 5000
021 ## - НОМЕР ГОСУДАРСТВЕННОЙ РЕГИСТРАЦИИ
Код страны Российская Федерация
Номер 2007-13766
Номер Листа государственной регистраци 737
035 ## - ДРУГИЕ СИСТЕМНЫЕ НОМЕРА
Идентификатор записи (NLR Aleph) 001057906
100 ## - ДАННЫЕ ОБЩЕЙ ОБРАБОТКИ
Данные общей обработки 20070410d2007 |||y0rusy50 ca
101 0# - ЯЗЫК РЕСУРСА
Язык текста, звукозаписи и т.д. русский
102 ## - СТРАНА ПУБЛИКАЦИИ ИЛИ ПРОИЗВОДСТВА
Страна публикации Российская Федерация
105 ## - ПОЛЕ КОДИРОВАННЫХ ДАННЫХ: ТЕКСТОВЫЕ МАТЕРИАЛЫ, МОНОГРАФИЧЕСКИЕ
Кодированные данные о монографическом текстовом документе y |||||||||
200 1# - ЗАГЛАВИЕ И СВЕДЕНИЯ ОБ ОТВЕТСТВЕННОСТИ
Основное заглавие Рабочая книга социального педагога
Сведения, относящиеся к заглавию профилактика безнадзорности, правонарушений, охрана здоровья детей
Первые сведения об ответственности [сост.Г.С. Семенов]
Последующие сведения об ответственности под ред. Л.В. Кузнецовой
210 ## - ПУБЛИКАЦИЯ, РАСПРОСТРАНЕНИЕ И ДР.
Место издания, распространения и т.д. Москва
Имя издателя, распространителя и т. д. Школьная пресса
Дата издания, распространения и т.д. 2007
215 ## - ФИЗИЧЕСКАЯ ХАРАКТЕРИСТИКА
Специфическое обозначение материала и объем 93,[3] с.
Размеры 20
225 1# - СЕРИЯ
Основное заглавие серии "Воспитание школьника. Библиотека журнала"
Обозначение тома вып. 74, II полугодие 2007 г.
225 1# - СЕРИЯ
Основное заглавие серии Воспитание
606 0# - НАИМЕНОВАНИЕ ТЕМЫ КАК ПРЕДМЕТ
Наименование темы Детская беспризорность
Тематический подзаголовок Борьба с ней
Географический подзаголовок Российская Федерация
Системный номер авторитетной/нормативной записи 2161221
Идентификатор авторитетной/нормативной записи RU\NLR\auth\661300659
606 1# - НАИМЕНОВАНИЕ ТЕМЫ КАК ПРЕДМЕТ
Наименование темы Школьники
Тематический подзаголовок Воспитание здорового образа жизни
Системный номер авторитетной/нормативной записи 2449504
Идентификатор авторитетной/нормативной записи RU\NLR\auth\661456503
606 1# - НАИМЕНОВАНИЕ ТЕМЫ КАК ПРЕДМЕТ
Наименование темы Школьники
Тематический подзаголовок Социально-психологические исследования
Системный номер авторитетной/нормативной записи 2003333
Идентификатор авторитетной/нормативной записи RU\NLR\auth\661205807
686 ## - ИНДЕКСЫ ДРУГИХ КЛАССИФИКАЦИЙ
Индекс Х628.332
686 ## - ИНДЕКСЫ ДРУГИХ КЛАССИФИКАЦИЙ
Индекс Ч34(2)46
686 ## - ИНДЕКСЫ ДРУГИХ КЛАССИФИКАЦИЙ
Индекс Ч421.354
686 ## - ИНДЕКСЫ ДРУГИХ КЛАССИФИКАЦИЙ
Индекс С550.55
702 #1 - ИМЯ ЛИЦА - ВТОРИЧНАЯ ОТВЕТСТВЕННОСТЬ
Код отношения Редактор
Графика поля Кириллица
Материалы, к которым относится поле rus
Начальный элемент ввода Кузнецова
Часть имени, кроме начального элемента ввода Л. В.
Дополнения к именам, кроме дат психолог
Расширение инициалов личного имени Людмила Вениаминовна
Системный номер авторитетной/нормативной записи 14036
Идентификатор авторитетной/нормативной записи RU\NLR\auth\7731022
702 #1 - ИМЯ ЛИЦА - ВТОРИЧНАЯ ОТВЕТСТВЕННОСТЬ
Код отношения Составитель
Графика поля Кириллица
Материалы, к которым относится поле rus
Начальный элемент ввода Семенов
Часть имени, кроме начального элемента ввода Г. С.
Дополнения к именам, кроме дат канд. пед. наук
Расширение инициалов личного имени Геннадий Семенович
Системный номер авторитетной/нормативной записи 13663
Идентификатор авторитетной/нормативной записи RU\NLR\auth\7730645
801 #0 - ИСТОЧНИК ЗАПИСИ
Страна Российская Федерация
Организация NLR
Дата составления 20070410
Правила каталогизации RCR
801 #1 - ИСТОЧНИК ЗАПИСИ
Страна Российская Федерация
Организация NLR
Дата составления 20070410
942 ## - ДОПОЛНИТЕЛЬНЫЕ ЭЛЕМЕНТЫ ЗАПИСИ (АБИС)
Тип экземпляра АБИС Книга
980 ## - КОЛЛЕКЦИЯ
Название коллекции Национальная библиография
Экземпляры
Тип экземпляра Дата поступления Источник поступления Библиотека постоянного хранения Библиотека текущего хранения Место хранения Шифр хранения Штрих-код Статус экземпляра
Книга 10.04.2007 Обязательный экземпляр РНБ (Московский) РНБ (Московский) Русский книжный фонд: издания с 1957 года 2007-4/7700 2407086  
Книга 10.04.2007 Обязательный экземпляр РНБ (Московский) РНБ (Московский) Русский книжный фонд: издания с 1957 года 2007-4/7700 2407089